000 00688nam a22001817a 4500
003 OSt
005 20250830013833.0
008 250830b |||||||| |||| 00| 0 eng d
020 _a9789746522441
040 _aDWC-Main Lib.
_cOC
100 _aDIPRIO, JOSEPH T.
245 _aConcepts in clinical pharmacokinetics/
_cDIPRIO, JOSEPH T.
260 _aBethesda, MD :
_bAmerican Society of Health-System Pharmacists,
_cc2010.
300 _a248 pages :
_billustrations ;
_c28 cm.
504 _aIncludes bibliographical references.
650 _aPharmacokinetics. I. DiPrio, Joseph T. II. American Society of Health-System Pharmacists. III. Title.
942 _2ddc
_cBK-CIRC
_hCirc.
_n0
999 _c4385
_d4385